000 01312nam a2200241 i 4500
001 46352
003 ES-MaACL
005 20250820063033.0
007 t|
008 030328s1886 sp ||||1| spa d
100 1 _aComenge y Ferrer, Luis,
_d1854-1916
_9126554
245 1 0 _aCuriosidades médicas :
_bprecedidas de un discurso sobre el florecimiento de la medicina española en el siglo XVI y su posterior decadencia /
_cpor Don Luis Comenge.
260 _aMadrid :
_b[s.n.],
_c1886 (
_fTip. de Manuel Ginés Hernández)
300 _a285 p., [2] h. pleg. ;
_c22 cm.
505 8 _aContiene: Bibliografía: Morejón y Chinchilla ; Pedro Bayro: sus obras ; Amato Lusitano ; Manuscritos médicos: facsímiles de documentos pertenecientes al doctor León, facsímil de un documento pertenecientes al doctor Villalba ; Ensayo de inoculación ; Villalobos ; Noticias bibliográficas ; Enfermedades de los reyes, y médicos de cámara ; Más noticias bibliográficas ; La rabia
530 _aDisponible en formato digital.
650 4 _aMedicina-
_vCuriosidades.
_9148883
650 4 _aMedicina-
_zEspaña-
_yS.XVI.
_9148884
650 4 _aRabia.
_9136800
852 _aES-MaACL
_jT-561-F-8
856 _uhttps://archive.org/details/b28992088/page/n3/mode/2up
_zInternet Archive
999 _c46352
_d46352